000 00742nam a2200265Ia 4500
003 OSt
005 20221006151027.0
006 a|||||r|||| 00| 0
007 ta
008 221006b |||||||| |||| 00| 0 jpn d
020 _c¥600 (each)
024 _a20,701
037 _bGift, Japan Foundation
_cTextual
040 _aEASL
_cEASL
_bjpn
041 _2jpn
_ajpn
082 _aX.42.N5, K1.
100 _aTSURU Shigeto etc. Ed.
_9658134
245 0 _aNihon keizai no bunseki, 2 Vols
260 _aTokyo
_bKeiso Shobo Japan
_c1961
300 _a322+356p.
_ccm.
490 _v V.1JL
650 _aJL
942 _hX.42.N5, K1.
_cTEXL
_2CC
999 _c1088787
_d1088787